000 00596nam a2200217Ia 4500
003 GCL
008 140319s9999 xx 000 0 eng d
040 _aGCL /
_cGCL
082 0 4 _a616.01
_bG M
100 1 _aGREENWOOD, DAVID
245 1 0 _aMEDICAL MICROBIOLOGY : A GIUDE TO MICROBIAL INFECTIONS /
_cGREENWOOD, DAVID
700 1 _aSLACK, RICHARD C. B
700 1 _aPEUTHERER, JOHN F.
260 _a[S.N] :
_bELBS WITH CHURCHILL LIVINGSTONE ،
_c1992
300 _a827 P
650 0 4 _aINFECTIONS
650 0 4 _aBIOLOGY
650 0 4 _aDIAGNOSIS
650 0 4 _aMICROBIOLOGY
942 _2ddc
_cBK
999 _c19857
_d19857